| 000 | 00763nam a22002177a 4500 | ||
|---|---|---|---|
| 003 | OSt | ||
| 005 | 20251117144341.0 | ||
| 008 | 251117b |||||||| |||| 00| 0 eng d | ||
| 020 | _a978-89-254-0073-0. | ||
| 040 |
_aDWCL-Main lib _cOC |
||
| 082 | _aCirc. 302 S465 2007 | ||
| 100 | _aBernardo, Allan B. I. | ||
| 245 |
_aThe self, relationships, and subjective well-being in Asia : _bpsychological, social, and cultural perspectives/ _cBernardo, Allan B. I. |
||
| 260 |
_aKorea : _bKyoyook-Kwahak-Sa Pub., Co., _cc2007. |
||
| 300 |
_a352 p. ; _c23 cm. |
||
| 504 | _aIncludes bibliographical references. | ||
| 650 | _aSocial psychology-Asia. | ||
| 700 | _aGastardo-Conaco, MA. Cecilia | ||
| 700 | _aLiwag, MA. Emma Concepcion D. | ||
| 942 |
_2ddc _cBK-CIRC _kCirc _n0 |
||
| 999 |
_c5726 _d5726 |
||